Human resource management/ (Record no. 11400)

MARC details
000 -LEADER
fixed length control field 00555nam a22001937a 4500
005 - DATE AND TIME OF LATEST TRANSACTION
control field 20250326052619.0
008 - FIXED-LENGTH DATA ELEMENTS--GENERAL INFORMATION
fixed length control field 220926b ||||| |||| 00| 0 eng d
020 ## - INTERNATIONAL STANDARD BOOK NUMBER
International Standard Book Number 9789353593780
040 ## - CATALOGING SOURCE
Original cataloging agency IN-DiNC
Transcribing agency IN-DiNC
041 ## - LANGUAGE CODE
Language code of sung or spoken text English
082 ## - DEWEY DECIMAL CLASSIFICATION NUMBER
Classification number 658.3
Item number GUP
100 ## - MAIN ENTRY--PERSONAL NAME
Personal name Gupta, Shashi K
Relator term Author
245 ## - TITLE STATEMENT
Title Human resource management/
Statement of responsibility, etc. by Shashi K Gupta and Rosy Joshi
260 ## - PUBLICATION, DISTRIBUTION, ETC.
Place of publication, distribution, etc. Ludhiana:
Name of publisher, distributor, etc. Kalyani publishers,
Date of publication, distribution, etc. 2022.
300 ## - PHYSICAL DESCRIPTION
Extent 25.11p.
650 ## - SUBJECT ADDED ENTRY--TOPICAL TERM
Topical term or geographic name entry element Concept of human resource management
700 ## - ADDED ENTRY--PERSONAL NAME
Personal name Joshi, Rosy
Relator term Author
942 ## - ADDED ENTRY ELEMENTS (KOHA)
Source of classification or shelving scheme Dewey Decimal Classification
Koha item type Books
Holdings
Withdrawn status Lost status Source of classification or shelving scheme Damaged status Not for loan Collection code Home library Current library Shelving location Date acquired Cost, normal purchase price Total Checkouts Full call number Barcode Date last seen Date last checked out Copy number Price effective from Koha item type
    Dewey Decimal Classification     Commerce Central Library, Naharkatiya College Central Library, Naharkatiya College General Stacks 26/09/2022 250.00 8 658.3 GUP 29129 12/09/2024 11/09/2024 1 26/09/2022 Books
    Dewey Decimal Classification     Commerce Central Library, Naharkatiya College Central Library, Naharkatiya College General Stacks 26/09/2022 250.00 10 658.3 GUP 29130 19/12/2024 04/12/2024 2 26/09/2022 Books

Naharkatiya College © 2020. All rights reserved.

Powered By